000 01443nam a2200313 a 4500
001 000359
003 DO-SdBNP
005 20160429104351.0
007 000359
008 150130s1996 dr ac 000 0 spa d
020 _a9789706421500
040 _aBPMSU
_bspa
_cBPMSU
092 _a372.4
_bG216l, 7mo. 1996
100 1 _aGarcía de Escobar, Obdulia
245 0 0 _aLectura 7 :
_beducación básica /
_cObdulia García de Escobar ; ilustración Marcelo Felder, Ruddy Núñez
260 _aSanto Domingo :
_bSantillana,
_c1998.
300 _a119 p. :
_bil. retrs. ;
_c28 cm.
505 1 _tEl planeta --
_tA jugar con la luz --
_tUn continente llamado América --
_tEl hombre americano y su mundo --
_tLa matemática y la literatura --
_tÁfrica: raíces negras --
_tEl hombre del renacimiento --
_tViajeros y exploradores --
_tEl poder de la electricidad --
_tEl poder de la máquina --
_tLa obsesión de retratar --
_t¿Sonreímos? --
_tAlas para volar --
_tDerechos y deberes --
_tTú y los demás --
_tLos secretos de las plantas --
_tMi gente, mi medio --
_tActividades --
650 _aLECTURA
_xENSEÑANZA BÁSICA
650 _aLECTURA
_xEDUCACIÓN PRIMARIA
650 _aLECTURA
_zREPÚBLICA DOMINICANA
650 _aLECTURA
_xLIBROS DE TEXTO
650 _aLECTURA
_xESTUDIOS Y EJERCICIOS
700 1 _aNúñez, Ruddy
_eil.
700 1 _aFelder, Marcelo
_eil.
700 1 _aSuárez, Frank
_eil.
942 _2ddc
_cBK
956 _aYLOCKWARD
_b10
999 _c9963
_d9963